000
00271nam a2200097Ia 4500
001
886212
005
20250826182812.0
008
250824s9999 xx 000 0 und d
245
0
_a
DUA VE SURELERİYLE NAMAZIN ANLAŞILMASI
_c
ALİ AKPINAR
260
_b
KİTAP DÜNYASI YAYINLARI
999
_c
886212
_d
886212